<?xml version="1.0" encoding="UTF-8"?><?xml-stylesheet type="text/xsl" href="static/style.xsl"?><OAI-PMH xmlns="http://www.openarchives.org/OAI/2.0/" xmlns:xsi="http://www.w3.org/2001/XMLSchema-instance" xsi:schemaLocation="http://www.openarchives.org/OAI/2.0/ http://www.openarchives.org/OAI/2.0/OAI-PMH.xsd"><responseDate>2026-04-14T04:31:01Z</responseDate><request verb="GetRecord" identifier="oai:www.recercat.cat:20.500.14342/1726" metadataPrefix="marc">https://recercat.cat/oai/request</request><GetRecord><record><header><identifier>oai:recercat.cat:20.500.14342/1726</identifier><datestamp>2025-03-11T20:21:04Z</datestamp><setSpec>com_2072_482405</setSpec><setSpec>com_2072_183628</setSpec><setSpec>col_2072_482411</setSpec></header><metadata><record xmlns="http://www.loc.gov/MARC21/slim" xmlns:dcterms="http://purl.org/dc/terms/" xmlns:xsi="http://www.w3.org/2001/XMLSchema-instance" xmlns:doc="http://www.lyncode.com/xoai" xsi:schemaLocation="http://www.loc.gov/MARC21/slim http://www.loc.gov/standards/marcxml/schema/MARC21slim.xsd">
   <leader>00925njm 22002777a 4500</leader>
   <datafield ind2=" " ind1=" " tag="042">
      <subfield code="a">dc</subfield>
   </datafield>
   <datafield ind2=" " ind1=" " tag="720">
      <subfield code="a">Guillamó Casanoves, Elisabet</subfield>
      <subfield code="e">author</subfield>
   </datafield>
   <datafield ind2=" " ind1=" " tag="720">
      <subfield code="a">Cobo Calvo, Álvaro</subfield>
      <subfield code="e">author</subfield>
   </datafield>
   <datafield ind2=" " ind1=" " tag="720">
      <subfield code="a">Oviedo, Guillermo R.</subfield>
      <subfield code="e">author</subfield>
   </datafield>
   <datafield ind2=" " ind1=" " tag="720">
      <subfield code="a">Travier, Noémie</subfield>
      <subfield code="e">author</subfield>
   </datafield>
   <datafield ind2=" " ind1=" " tag="720">
      <subfield code="a">Álamo, Juan</subfield>
      <subfield code="e">author</subfield>
   </datafield>
   <datafield ind2=" " ind1=" " tag="260">
      <subfield code="c">2018</subfield>
   </datafield>
   <datafield ind2=" " ind1=" " tag="520">
      <subfield code="a">Multiple sclerosis (MS) is a chronic neurological disease which
affects young adults at a time of maximum personal, professional
and social growth. Recent guidelines on physical activity have established
that exercise is an essential component of the clinical
management of people with MS with mild or moderate degree of
disability. The main purpose of this study was to test the feasibility
and the effects of two different 40-week structured physical
exercise interventions (a supervised high intensity interval training
plus home exercise program and a self-applied home-based
exercise program) on clinical evolution, psychological wellbeing,
quality of life, fatigue, cardiorespiratory fitness, strength and balance
of people with MS. Twenty-nine participants with relapsingremitting
MS (RRMS) participated in this study. All of them were
fully ambulatory and with minimal disability (Expanded Disability
Status Scale &lt;3), for at least the last six months. Participants
selected to be part of a combined face-to-face plus home exercise
group (CFTFG; n = 8); a self-applied home-based exercise group
(HG; n = 11) or a control group (CG; n = 10). A total of 23 participants
completed the protocol (79.3%), of which 8 participants
(100%) from the CFTFG, 7 (63.6%) from the HG and 8 (80%)
from the CG. During the first 20-weeks of training, adherence
from the CFTFG reached 77.5% and from the HG reached 50 %.
During the second 20-weeks of training, adherence from the
CFTFG reached 62.5% and from the HG reached 45.4%. After
20-weeks of training, a significant improvement in the absolute
VO2 peak and in the 30-second sit to stand test was observed in
the CFTFG (all p &lt; .05). This study confirms that offering a 40-
week structured exercise programme to a group of fully ambulatory
and minimally disabled persons with RRMS is feasible and
safe. Any adverse event related to the trial was reported by the
participants.</subfield>
   </datafield>
   <datafield ind1="8" ind2=" " tag="024">
      <subfield code="a">http://hdl.handle.net/20.500.14342/1726</subfield>
   </datafield>
   <datafield tag="653" ind2=" " ind1=" ">
      <subfield code="a">Esclerosi múltiple</subfield>
   </datafield>
   <datafield tag="653" ind2=" " ind1=" ">
      <subfield code="a">Exercici físic</subfield>
   </datafield>
   <datafield tag="653" ind2=" " ind1=" ">
      <subfield code="a">Discapacitat física</subfield>
   </datafield>
   <datafield ind2="0" ind1="0" tag="245">
      <subfield code="a">Feasibility and Effects of Structured Physical Exercise Interventions in Adults with Relapsing-Remitting Multiple Sclerosis: A Pilot Study</subfield>
   </datafield>
</record></metadata></record></GetRecord></OAI-PMH>